500.Günde hükümet - parlamento ilişkileri (Record no. 1666)

MARC details
000 -BAŞLIK
Sabit Uzunlukta Kontrol Alanı 00615na a2200229 4500
001 - KONTROL NUMARASI
Denetim Alanı 15432
003 - KONTROL NUMARASI IDENTIFIER
Denetim Alanı MIRAKIL
005 - SON İŞLEM TARİHİ VE ZAMANI
Denetim Alanı 20181213154831.0
008 - SABİT-BOY VERİ ELEMANLARI - GENEL BİLGİLER
Sabit Uzunlukta Kontrol Alanı 161019b tu 000 0
035 ## - SİSTEM KONTROL NUMARASI
Sistem Kontrol Numarası 14074
040 ## - KATALOGLAMA KAYNAK
Orijinal Kataloglama Ajansı Milas
Kataloglama Dili tur
Metne Dönüştürmek Ajansı TR-AnCHP
041 ## - DİL KODU
Metin / Ses Parça Veya Ayrı Başlığın Dil Kodu tur
082 ## - DEWEY ONLU SINIFLANDIRMA NUMARASI
Sınıflandırma Numarası 353.04
Ürün Numarası G75b 1993
090 ## - SINIFLAMA NUMARASI
Sınıflama Numarası 353.04 G75b 1993
100 ## - ANA GİRİŞ - KİŞİSEL İSİM
Kişisel Ad Gönen, Akın
245 ## - BAŞLIK TABLOSU
Başlık 500.Günde hükümet - parlamento ilişkileri
Sorumluluk Tablosu, Vb Akın Gönen
260 ## - YAYIN, DAĞITIM, VB
Yayın, Dağıtım, Vb Yeri Ankara
Yayıncı, Dağıtıcı, Vs Adı [yay.y.]
Yayın, Dağıtım, Vb Tarihi 1993
300 ## - FİZİKSEL TANIM
Kapsam 120 s.
Boyutlar 29 sm.
650 ## - KONU KATMA GİRİŞ - TOPİKAL DÖNEM
Topikal Süreli Veya Coğrafi Ad Giriş Elemanı Parlamento
Genel Alt Bölümü Türkiye
Kronolojik Alt Bölümü Kararlar
650 ## - KONU KATMA GİRİŞ - TOPİKAL DÖNEM
Topikal Süreli Veya Coğrafi Ad Giriş Elemanı Hükümet
Genel Alt Bölümü Kararlar
Kronolojik Alt Bölümü Parlamento
942 ## - EKLENDİ GİRİŞ ELEMANLARI (KOHA)
Sınıflandırma Veya Raf Düzeni Kaynak Dewey Decimal Classification
Koha Öğesi Türü Books
999 ## - SİSTEM KONTROL NUMARALARI (KOHA)
Koha Biblionumber 1666
Koha Biblioitemnumber 1666
Holdings
Kalıcı Konum Mevcut Konum Edinme Tarihi Edinim Kaynak Toplam Check-Out'Lar Tam Çağrı Numarası Barkod Tarih Son Görülme İtibaren Geçerli Fiyatlar Koha Öğesi Türü
CHP Kütüphanesi CHP Kütüphanesi 09/09/2016 Bağış   353.04 G75b 1993 003418 09/09/2016 09/09/2016 Books